000 00853 a2200217 4500
005 20250417093803.0
020 _a0849316987 (alk. paper)
050 0 0 _aSB415
_bHAN 1998
100 1 _aHanan, Joe J.,
_d1931-
_eauthor
245 1 0 _aGreenhouses :
_badvanced technology for protected horticulture /
_cJoe J. Hanan.
264 _aLondon :
_bCRC Press,
_c1998.
300 _a684 pages :
_billustrations ;
336 _2rdacontent
_atext
_btxt
337 _2rdamedia
_aunmediated
_bn
338 _2rdacarrier
_avolume
_bnc
504 _aIncludes bibliographical references and index
650 0 _aGreenhouse management.
856 4 2 _3Publisher description
_uhttp://www.loc.gov/catdir/enhancements/fy0730/97031768-d.html
942 _2lcc
_cBK
_h415
_iHAN
_kSB
999 _c5774
_d5774